00491nam a2200193 a 4500001001300000003000900013005001700022008004100039020001000080082002000090100001600110245003500126260003600161300000900197500003500206505002100241650001900262700001600281nice12345678IN_TiNIC20260116012628.0050524s1894 lona grp 000 0 eng  ac10000a492.782421bPAL aPalmer, E H aGrammar of the Arabic Language aLondonbW.H.Allen and Co.c1894 a414p aincludes index and biblioraphy2 aurdu and english aArabic-Grammar1 aPalmer, E H